000 00489nam a2200157Ia 4500
008 210716s2005 xx 000 0 und d
020 _a8120328078
041 _aeng
082 _a658.31243 BLAP
100 _aBlanchard, P Nick;Thacker, James W.
245 _aEffective training: systems strategies and practices.
_bSystems strategies and practices.
250 _a2
260 _aNew Delhi
_bPrentice Hall of India PVt Ltd
_c2005
300 _axx,508
650 _aTraining & Development
999 _c199368
_d199368